|
|
|
|
| LEADER |
00000cam a2200000 7i4500 |
| 001 |
0000132000 |
| 005 |
20190325.0 |
| 008 |
190325s2018 my j 000 0 bm |
| 020 |
|
|
|a 9789671486405 (set)
|
| 020 |
|
|
|a 9789671486467
|
| 040 |
|
|
|a PERPUSTAM
|b eng
|c PERPUSTAM
|e rda
|
| 090 |
0 |
0 |
|a 499.2386
|b MZJ
|
| 100 |
0 |
|
|a Mohd Zamri Jaya ,
|d 1974- ,
|e author
|
| 245 |
1 |
0 |
|a HIPERTENSI
|c MOHD ZAMRI JAYA
|
| 264 |
|
1 |
|a Tanjong Karang, Selangor :
|b Waridah Resources
|c 2018
|
| 300 |
|
|
|a 40 pages :
|b colour illustrations ;
|c 21 cm.
|
| 336 |
|
|
|a text, rdacontent
|
| 337 |
|
|
|a unmediated
|2 rdamedia
|
| 338 |
|
|
|a volume
|2 rdacarrier
|
| 490 |
1 |
|
|a Awasi PENYAKIT Milenium Baharu
|
| 650 |
1 |
0 |
|a Malay language
|v Readers
|
| 650 |
2 |
0 |
|a Glaucoma
|x Prevention
|
| 650 |
2 |
0 |
|a Glaucoma
|x Treatment
|
| 830 |
|
0 |
|a Awasi penyakit milenium baharu
|
| 999 |
|
|
|a 0000587565
|b Buku
|c Rak Terbuka
|e Perbadanan Perpustakaan Awam Melaka
|
| 999 |
|
|
|a 0000587566
|b Buku
|c Rak Terbuka
|e Perpustakaan Cawangan Jasin
|
| 999 |
|
|
|a 0000587567
|b Buku
|c Rak Terbuka
|e Perpustakaan Cawangan Masjid Tanah
|
| 999 |
|
|
|a 0000587568
|b Buku
|c Rak Terbuka
|e Perpustakaan Cawangan Merlimau
|
| 999 |
|
|
|a 0000587569
|b Buku
|c Rak Terbuka
|e Perbadanan Perpustakaan Awam Melaka
|
| 999 |
|
|
|a 0000587570
|b Buku
|c Rak Terbuka
|e PERPUSTAKAAN PENJARA SUNGAI UDANG
|
| 999 |
|
|
|a 0000587571
|b Buku
|c Rak Terbuka
|e Perbadanan Perpustakaan Awam Melaka
|
| 999 |
|
|
|a 0000587572
|b Buku
|c Rak Terbuka
|e Perbadanan Perpustakaan Awam Melaka
|
| 999 |
|
|
|a 0000587573
|b Buku
|c Rak Terbuka
|e Perbadanan Perpustakaan Awam Melaka
|
| 999 |
|
|
|a 0000587574
|b Buku
|c Rak Terbuka
|e Perbadanan Perpustakaan Awam Melaka
|
| 999 |
|
|
|a 0000587575
|b Buku
|c Rak Terbuka
|e Perbadanan Perpustakaan Awam Melaka
|
| 999 |
|
|
|a 0000587576
|b Buku
|c Rak Terbuka
|e Perbadanan Perpustakaan Awam Melaka
|
| 999 |
|
|
|a 0000587577
|b Buku
|c Rak Terbuka
|e Perpustakaan Desa Asahan
|
| 999 |
|
|
|a 0000587578
|b Buku
|c Rak Terbuka
|e Perpustkaan Desa Lubuk China
|
| 999 |
|
|
|a 0000587579
|b Buku
|c Rak Terbuka
|e Perbadanan Perpustakaan Awam Melaka
|
| 999 |
|
|
|a 0000587580
|b Buku
|c Rak Terbuka
|e Perbadanan Perpustakaan Awam Melaka
|
| 999 |
|
|
|a 0000587581
|b Buku
|c Rak Terbuka
|e PK Aeon Jaya Jusco
|
| 999 |
|
|
|a 0000587582
|b Buku
|c Rak Terbuka
|e PK Melaka Mall
|
| 999 |
|
|
|a 0000587583
|b Buku
|c Rak Terbuka
|e Perbadanan Perpustakaan Awam Melaka
|
| 999 |
|
|
|a 0000587584
|b Buku
|c Rak Terbuka
|e Perbadanan Perpustakaan Awam Melaka
|
| 999 |
|
|
|a 0000587585
|b Buku
|c Rak Terbuka
|e Perpustakaan Komuniti UTC Melaka
|